La pétrochimie dans le monde /

Uložené v:
Podrobná bibliografia
Hlavný autor: Guglielmo, Raymond (Author)
Médium: Kniha
Jazyk:French
Vydané: Paris : Presses Universitaires de France, 1958.
Vydanie:1e ed.
ISBN: (brož.)
Fyzický popis: 126 s.
Tagy: Pridať tag
Žiadne tagy, Buďte prvý kto otaguje tento záznam!

MARC

LEADER 00000nam a22000004a 4500
001 000420621
005 20130610191653.0
008 130610s1958 fr e fre d
020 |a (brož.)  |c Kčs 4,50 
040 |a SVKKK  |b slo  |c SVKKK  |e AACR2 
041 0 |a fre 
044 |a fr  |c FR 
100 1 |a Guglielmo, Raymond  |4 aut 
245 1 0 |a La pétrochimie dans le monde /  |c Raymond Guglielmo. 
250 |a 1e ed. 
260 |a Paris :  |b Presses Universitaires de France,  |c 1958. 
300 |a 126 s. 
910 |a svkkk 
998 |a BK 
090 |g SCKHL  |k Sklad Pribinova prízemie  |a I.14088  |j 185882  |i 2720383765  |s Prezenčne